Statistics for Typing BMW 30 times in 15 seconds!

Click here to take the quiz!

General Stats

  • This quiz has been taken 25 times
  • The average score is 15 of 30

Answer Stats

30x BMWIN 15 SECONDS% Correct
1BMW
100%
2BMW
100%
3BMW
100%
4BMW
91%
5BMW
91%
6BMW
91%
7BMW
82%
8BMW
82%
9BMW
82%
10BMW
73%
11BMW
73%
12BMW
64%
13BMW
64%
19BMW
36%
18BMW
36%
16BMW
36%
17BMW
36%
15BMW
36%
14BMW
36%
20BMW
27%
21BMW
27%
22BMW
27%
23BMW
18%
24BMW
18%
25BMW
9%
26BMW
9%
27BMW
9%
28BMW
9%
29BMW
9%
30BMW
9%

Score Distribution

Percentile by Number Answered

Percent of People with Each Score

Your Score History

You have not taken this quiz